00314pab a2200133 454500008004000000100001600040245004800056260000900104300001300113362000800126650001800134650001000152773001800162180718b2002 xxu||||| |||| 00| 0 eng d aDatar, M.K. aLiquidity risk in commercial Banks in India c2002 ap.73-91. aMar aBanks - India aBanks aArtha Vijnana